| 000 | 01470nam0a2200325 4500 | ||
|---|---|---|---|
| 001 | RU\NLR\BIBL_A\022710140 | ||
| 005 | 20260130100515.0 | ||
| 010 |
_a978-5-94981-408-6 _9100 |
||
| 021 |
_aRU _bКН-П-25-071300 _9КН-П-25-6905 |
||
| 035 | _a(NLR Aleph) 022710140 | ||
| 090 |
_a13540971 _c13540971 |
||
| 100 | _a20260128d2025 k y0rusy50 ca | ||
| 101 | 0 | _atat | |
| 102 | _aRU | ||
| 105 | _aac z 000 y | ||
| 181 | 0 |
_ai _baxxe |
|
| 182 | 0 | _an | |
| 200 | 1 |
_aВатаннан читтә белем алу үзәкләре һәм татар мәгарифе _eXVII гасыр - XX гасыр башы _e[монография] _fЛ. Р. Мортазина _gТатарстан Респ. ФА. Ш. Мәрҗани исем. Тарих ин-ты |
|
| 203 |
_aТекст _bвизуальный _cнепосредственный |
||
| 210 |
_aКазан _cТР ФА Ш. Мәрҗани исем. Тарих ин-ты _d2025 |
||
| 215 |
_a245 б. _cил., портр. _d24 |
||
| 320 | _aБиблиогр.: с. 182-197. | ||
| 541 | 1 |
_6z01790 _aЗарубежные образовательные центры и татарское просвещение _eXVII - начало XX вв.: монография. _zrus |
|
| 686 | 1 | _aЧ484(28) | |
| 686 | 1 | _aЭ38-677.3 | |
| 700 | 1 |
_aМортазина _bЛ. Р. кызы _gЛәлә Рәис кызы _4070 |
|
| 790 | 1 |
_6z01541 _aМуртазина _bЛ. Р. _gЛяля Раисовна _4070 |
|
| 942 | _cBOOK | ||
| 980 | _aNB | ||